<?xml version="1.0" encoding="UTF-8"?><?xml-stylesheet type="text/xsl" href="static/style.xsl"?><OAI-PMH xmlns="http://www.openarchives.org/OAI/2.0/" xmlns:xsi="http://www.w3.org/2001/XMLSchema-instance" xsi:schemaLocation="http://www.openarchives.org/OAI/2.0/ http://www.openarchives.org/OAI/2.0/OAI-PMH.xsd"><responseDate>2026-05-15T03:24:23Z</responseDate><request verb="GetRecord" identifier="oai:riubu.ubu.es:10259/11443" metadataPrefix="marc">https://riubu.ubu.es/oai/request</request><GetRecord><record><header><identifier>oai:riubu.ubu.es:10259/11443</identifier><datestamp>2026-02-27T01:05:56Z</datestamp><setSpec>com_10259_8983</setSpec><setSpec>com_10259_5086</setSpec><setSpec>com_10259_2604</setSpec><setSpec>col_10259_8984</setSpec></header><metadata><record xmlns="http://www.loc.gov/MARC21/slim" xmlns:doc="http://www.lyncode.com/xoai" xmlns:xsi="http://www.w3.org/2001/XMLSchema-instance" xmlns:dcterms="http://purl.org/dc/terms/" xsi:schemaLocation="http://www.loc.gov/MARC21/slim http://www.loc.gov/standards/marcxml/schema/MARC21slim.xsd">
<leader>00925njm 22002777a 4500</leader>
<datafield tag="042" ind1=" " ind2=" ">
<subfield code="a">dc</subfield>
</datafield>
<datafield tag="720" ind1=" " ind2=" ">
<subfield code="a">Müller, Lukas</subfield>
<subfield code="e">author</subfield>
</datafield>
<datafield tag="720" ind1=" " ind2=" ">
<subfield code="a">Rubio Pérez, Gabriel</subfield>
<subfield code="e">author</subfield>
</datafield>
<datafield tag="720" ind1=" " ind2=" ">
<subfield code="a">Bach, Andreas</subfield>
<subfield code="e">author</subfield>
</datafield>
<datafield tag="720" ind1=" " ind2=" ">
<subfield code="a">Muñoz Rujas, Natalia</subfield>
<subfield code="e">author</subfield>
</datafield>
<datafield tag="720" ind1=" " ind2=" ">
<subfield code="a">Aguilar Romero, Fernando</subfield>
<subfield code="e">author</subfield>
</datafield>
<datafield tag="720" ind1=" " ind2=" ">
<subfield code="a">Worlitschek, Jörg</subfield>
<subfield code="e">author</subfield>
</datafield>
<datafield tag="260" ind1=" " ind2=" ">
<subfield code="c">2020-10</subfield>
</datafield>
<datafield tag="520" ind1=" " ind2=" ">
<subfield code="a">Measuring thermo-physical properties of phase change materials (PCM) in a consistent and reliable manner is essential for system layout of thermal energy storages and correspondingly material selection. Only if basic properties are assessed in a comparable way a selection process leads to the top candidate for any given application and thus enhances market penetration of renewable energy sources coupled with thermal energy storage. In this study, we focus on differential scanning calorimetry (DSC) and thermogravimetric analysis (TGA) as basic assessment techniques and develop consistent measurement procedures to create a database with comparable results. We show consistency of the measured results through analysis of coefficient of variation (CV), being in the mean 1.69%, 0.05%, 0.06% and 4.00% for enthalpy, melting onset, melting peak and maximum operating temperature, respectively. Overall, 23 PCM have been measured with the presented methodology, which was mainly possible due to the reduced measurement and preparation time per PCM compared to standard techniques, while achieving similar accuracy and precision.</subfield>
</datafield>
<datafield tag="024" ind2=" " ind1="8">
<subfield code="a">https://hdl.handle.net/10259/11443</subfield>
</datafield>
<datafield tag="024" ind2=" " ind1="8">
<subfield code="a">10.3390/ma13204486</subfield>
</datafield>
<datafield tag="024" ind2=" " ind1="8">
<subfield code="a">1996-1944</subfield>
</datafield>
<datafield ind1=" " ind2=" " tag="653">
<subfield code="a">Phase change materials</subfield>
</datafield>
<datafield ind1=" " ind2=" " tag="653">
<subfield code="a">Latent heat storage</subfield>
</datafield>
<datafield ind1=" " ind2=" " tag="653">
<subfield code="a">Thermal energy storage</subfield>
</datafield>
<datafield ind1=" " ind2=" " tag="653">
<subfield code="a">Differential scanning calorimetry</subfield>
</datafield>
<datafield ind1=" " ind2=" " tag="653">
<subfield code="a">Thermogravimetric analysis</subfield>
</datafield>
<datafield ind1=" " ind2=" " tag="653">
<subfield code="a">Energy</subfield>
</datafield>
<datafield tag="245" ind1="0" ind2="0">
<subfield code="a">Consistent DSC and TGA Methodology as Basis for the Measurement and Comparison of Thermo-Physical Properties of Phase Change Materials</subfield>
</datafield>
</record></metadata></record></GetRecord></OAI-PMH>